|
|
|
|
| LEADER |
02335cas a2200289 a 4500 |
| 001 |
AALejournalIMF021841 |
| 008 |
230101c9999 xx r poo 0 0eng d |
| 020 |
|
|
|c 5.00 USD
|
| 020 |
|
|
|z 9781513585604
|
| 022 |
|
|
|a 1934-7685
|
| 040 |
|
|
|a BD-DhAAL
|c BD-DhAAL
|
| 110 |
2 |
|
|a International Monetary Fund.
|b European Dept.
|
| 245 |
1 |
0 |
|a Switzerland :
|b 2021 Article IV consultation-Press Release; Staff Report; Staff Statement; and Statement by the Executive Director for Switzerland.
|
| 264 |
|
1 |
|a Washington, D.C. :
|b International Monetary Fund,
|c 2021.
|
| 300 |
|
|
|a 1 online resource (69 pages)
|
| 490 |
1 |
|
|a IMF Staff Country Reports
|
| 500 |
|
|
|a <strong>Off-Campus Access:</strong> No User ID or Password Required
|
| 500 |
|
|
|a <strong>On-Campus Access:</strong> No User ID or Password Required
|
| 506 |
|
|
|a Electronic access restricted to authorized BRAC University faculty, staff and students
|
| 520 |
3 |
|
|a Switzerland has navigated the COVID-19 pandemic well. The pandemic has had major social and economic impacts, but an early, strong, and sustained health and economic policy response helped contain the contraction of activity. Coordinated efforts targeting households and firms stemmed a loss of purchasing power and a rise of unemployment and bankruptcies. Recovery has commenced, but uncertainty and risks remain high, dominated by pandemic dynamics. The rebound should deepen, as vaccination proceeds, containment is eased, and domestic and global demand picks up. Fiscal support has been rightly extended in 2021, and monetary policy remains accommodative. Policies should remain supportive until there are clear signs of sustained recovery; the authorities should expand support if needed. Redirection to fostering green, digital transformation with attention to low-income earners will be needed, including to ensure that prolonged emergency support does not hinder structural changes in the economy.
|
| 538 |
|
|
|a Mode of access: Internet
|
| 650 |
|
7 |
|a International Agreements and Observance
|2 imf
|
| 650 |
|
7 |
|a International Organizations
|2 imf
|
| 650 |
|
7 |
|a Monetary Policy
|2 imf
|
| 651 |
|
7 |
|a Switzerland
|2 imf
|
| 830 |
|
0 |
|a IMF Staff Country Reports; Country Report ;
|v No. 2021/130
|
| 856 |
4 |
0 |
|z Full text available on IMF
|u http://elibrary.imf.org/view/journals/002/2021/130/002.2021.issue-130-en.xml
|z IMF e-Library
|